Sports Quiz

Random Sports Quiz
Score 0/77 Timer 06:00
1 Play Today
Year Player % Correct
RocketsHakeem Olajuwon
96%
RocketsHakeem Olajuwon
96%
RocketsHakeem Olajuwon
96%
RocketsHakeem Olajuwon
96%
RocketsHakeem Olajuwon
96%
RocketsHakeem Olajuwon
96%
RocketsHakeem Olajuwon
94.9%
AstrosJeff Bagwell
93.3%
AstrosJeff Bagwell
93.3%
AstrosJeff Bagwell
93.3%
AstrosJeff Bagwell
93.3%
AstrosCraig Biggio
92.6%
AstrosCraig Biggio
92.6%
AstrosCraig Biggio
92.6%
AstrosCraig Biggio
92.6%
AstrosCraig Biggio
92.6%
AstrosCraig Biggio
92.6%
AstrosCraig Biggio
92.6%
Oilers Warren Moon
91%
Oilers Warren Moon
91%
OilersWarren Moon
91%
OilersWarren Moon
91%
Oilers Warren Moon
90.4%
RocketsClyde Drexler
81.8%
RocketsClyde Drexler
81.8%
RocketsCharles Barkley
70.6%
Oilers Bruce Matthews
70.1%
Oilers Bruce Matthews
70.1%
Oilers Bruce Matthews
70.1%
OilersBruce Matthews
70.1%
OilersBruce Matthews
70.1%
OilersBruce Matthews
70.1%
OilersBruce Matthews
70.1%
Oilers Bruce Matthews
70.1%
RocketsOtis Thorpe
55.7%
AstrosBilly Wagner
54.2%
AstrosDave Smith
54.1%
Oilers Al Smith
54.1%
Oilers Al Smith
54.1%
Year Player % Correct
AstrosKen Caminiti
49.7%
AstrosMike Hampton
47.9%
AstrosDoug Jones
47.4%
OilersSean Jones
47.2%
AstrosMoises Alou
45.6%
Oilers Mike Munchak
40.1%
Oilers Mike Munchak
38.6%
Oilers Mike Munchak
38.6%
Oilers Mike Munchak
38.6%
OilersMike Munchak
38.6%
AstrosJose Lima
38.6%
OilersLorenzo White
35.3%
Oilers Ernest Givins
35.1%
Oilers Drew Hill
35.1%
OilersErnest Givins
35.1%
AstrosDarryl Kile
35%
AstrosDarryl Kile
35%
Oilers Haywood Jeffires
31%
OilersHaywood Jeffires
31%
OilersHaywood Jeffires
31%
AstrosDoug Drabek
26.5%
OilersWebster Slaughter
21.4%
Oilers Ray Childress
19.5%
Oilers Ray Childress
19.5%
Oilers Ray Childress
19.5%
OilersRay Childress
19.5%
AstrosPete Harnisch
19.3%
OilersCurtis Duncan
19.3%
Oilers Cris Dishman
18.9%
AstrosJohn Hudek
13.7%
OilersBlaine Bishop
12.3%
OilersBlaine Bishop
12.3%
Oilers William Fuller
10.5%
OilersDarryll Lewis
9.5%
OilersMark Stepnoski
9%
OilersMark Stepnoski
9%
OilersGreg Montgomery
7.6%
OilersJohn Henry Mills
3.1%
Remove Ads.
Support Sporcle.
Get the best of Sporcle when you Go Orange. This ad-free experience offers more features, more stats, and more fun while also helping to support Sporcle. Thank you for becoming a member.

You're not logged in!

Compare scores with friends on all Sporcle quizzes.
OR
Log In

Show Comments

Extras

Top Quizzes Today


Score Distribution

Your Account Isn't Verified!

In order to create a playlist on Sporcle, you need to verify the email address you used during registration. Go to your Sporcle Settings to finish the process.

Report this User

Report this user for behavior that violates our Community Guidelines.

Details: